La recherche lexicographique en sciences infirmières (notice n° 1634863)
[ vue normale ]
| 000 -LEADER | |
|---|---|
| fixed length control field | 00992cam a2200157 4500500 |
| 005 - DATE AND TIME OF LATEST TRANSACTION | |
| control field | 20260111135712.0 |
| 041 ## - LANGUAGE CODE | |
| Language code of text/sound track or separate title | fre |
| 042 ## - AUTHENTICATION CODE | |
| Authentication code | dc |
| 100 10 - MAIN ENTRY--PERSONAL NAME | |
| Personal name | Paillard, Christine |
| Relator term | author |
| 245 00 - TITLE STATEMENT | |
| Title | La recherche lexicographique en sciences infirmières |
| 260 ## - PUBLICATION, DISTRIBUTION, ETC. | |
| Date of publication, distribution, etc. | 2016.<br/> |
| 500 ## - GENERAL NOTE | |
| General note | 13 |
| 520 ## - SUMMARY, ETC. | |
| Summary, etc. | Nous discutons de l’intérêt d’implémenter des ressources de qualité dans un système dédié à l’interprétation de textes politiques. Nous précisons la nature des différentes sortes de ressources linguistiques utilisées et nous montrons comment elles permettent d’identifier et de qualifier les discours rapportés. Nous détaillons ensuite le mode de fonctionnement de l’étiqueteur et du moteur de règles qui sont intégrés dans le module sémantique du système. |
| 786 0# - DATA SOURCE ENTRY | |
| Note | Éla. Études de linguistique appliquée | 180 | 4 | 2016-01-01 | p. 493-496 | 0071-190X |
| 856 41 - ELECTRONIC LOCATION AND ACCESS | |
| Uniform Resource Identifier | <a href="https://shs.cairn.info/revue-ela-2015-4-page-493?lang=fr&redirect-ssocas=7080">https://shs.cairn.info/revue-ela-2015-4-page-493?lang=fr&redirect-ssocas=7080</a> |
Pas d'exemplaire disponible.




Réseaux sociaux